[Event "Landsturneringen - Kadett"]
[Site "Oslo"]
[Date "2011.07.05"]
[Round "4"]
[White "Taube, Gregor"]
[Black "Christiansen, Johan-Sebastian"]
[Result "1-0"]
[WhiteElo "1973"]
[BlackElo "1920"]
[PlyCount "104"]
[EventDate "2011.??.??"]
[EventType "swiss"]
[EventRounds "9"]

1. e4 e5 2. Nf3 Nc6 3. Bb5 f5 4. exf5 e4 5. Qe2 Qe7 6. Bxc6 dxc6 7. Nd4 Nf6 8.
Nc3 Qe5 9. Ne6 Bxe6 10. fxe6 Bd6 11. b3 O-O-O 12. Bb2 Qxe6 13. O-O-O Rhe8 14.
Rhe1 Be5 15. Kb1 Kb8 16. h3 a6 17. Qf1 Qf7 18. Re2 Rd7 19. g4 g5 20. Rde1 Red8
21. Bc1 Bf4 22. Rd1 h5 23. Qg2 hxg4 24. hxg4 Qh7 25. Nxe4 Nxe4 26. Qxe4 Qxe4
27. Rxe4 Bxd2 28. Bxd2 Rxd2 29. Rxd2 Rxd2 30. Re8+ Ka7 31. Rf8 Rd1+ 32. Kb2 Rf1
33. Kc3 b5 34. Rf5 Kb6 35. Kd4 c5+ 36. Ke5 Rc1 37. Rxg5 Rxc2 38. f4 Re2+ 39.
Kd5 c6+ 40. Kd6 Rd2+ 41. Ke6 c4 42. b4 c3 43. Rc5 Rd4 44. Rxc3 Rxf4 45. g5 Rxb4
46. Rg3 Re4+ 47. Kf5 Re8 48. g6 b4 49. g7 Rg8 50. Ke6 c5 51. Kf7 Rxg7+ 52. Rxg7
c4 1-0

[Event "Landsturneringen - Kadett"]
[Site "Oslo"]
[Date "2011.07.06"]
[Round "5"]
[White "Bjørn, Lasse E"]
[Black "Taube, Gregor"]
[Result "1/2-1/2"]
[WhiteElo "1727"]
[BlackElo "1973"]
[PlyCount "91"]
[EventDate "2011.??.??"]
[EventType "swiss"]
[EventRounds "9"]

1. e4 c5 2. Nf3 d6 3. d4 cxd4 4. Nxd4 Nf6 5. Nc3 g6 6. Be3 Bg7 7. f3 Nc6 8. Qd2
O-O 9. O-O-O Bd7 10. g4 Ne5 11. Nd5 Nxd5 12. exd5 Rc8 13. h4 Qc7 14. h5 Nc4 15.
Bxc4 Qxc4 16. Nb3 Ba4 17. Kb1 Bxb3 18. axb3 Qb5 19. Bh6 Rc5 20. Bxg7 Kxg7 21.
hxg6 fxg6 22. Qh6+ Kf7 23. Qxh7+ Ke8 24. Qxg6+ Kd8 25. Qe6 Qa6 26. Rh7 Re8 27.
b4 Rc7 28. g5 Qc4 29. c3 Qf4 30. g6 Qxf3 31. Rd4 Rc4 32. Rxc4 Qd3+ 33. Kc1 Qxc4
34. g7 Qf1+ 35. Kc2 Qg2+ 36. Kb3 Qg1 37. Rh8 Qxg7 38. Rxe8+ Kxe8 39. Qc8+ Kf7
40. Qxb7 Qg1 41. Qc6 Qd1+ 42. Ka2 Qd3 43. c4 Kf6 44. Qc8 Kg7 45. Qg4+ Kf8 46.
Qc8+ 1/2-1/2

[Event "Landsturneringen - Kadett"]
[Site "Oslo"]
[Date "2011.07.07"]
[Round "6"]
[White "Andås, Kjetil"]
[Black "Taube, Gregor"]
[Result "0-1"]
[WhiteElo "1293"]
[BlackElo "1973"]
[PlyCount "166"]
[EventDate "2011.??.??"]
[EventType "swiss"]
[EventRounds "9"]

1. d4 d5 2. c4 e6 3. Nf3 Nf6 4. Bg5 Bb4+ 5. Nc3 O-O 6. e3 dxc4 7. Bxc4 Nbd7 8.
O-O b6 9. a3 Bxc3 10. bxc3 Bb7 11. Be2 Qe8 12. Bxf6 gxf6 13. Nd2 Kh8 14. Bf3
Bxf3 15. Qxf3 Rg8 16. e4 Rg6 17. Qe2 Qf8 18. f3 Qh6 19. Rf2 Rag8 20. Kh1 Nf8
21. e5 f5 22. Nf1 f4 23. Nd2 Rg5 24. Ne4 Rh5 25. h3 Ng6 26. Nf6 Nh4 27. Nxh5
Qxh5 28. Qd2 Qg5 29. Rg1 Qg3 30. Qe1 Nf5 31. Re2 Qg6 32. Rf2 Qh5 33. Kh2 Rg3
34. Re2 Nh4 35. Qf1 Kg7 36. c4 Kf8 37. Kh1 Nxf3 38. Rf2 Nxg1 39. Kxg1 Qg5 40.
Rf3 Ke7 41. Kh2 c6 42. Qf2 Rxf3 43. Qxf3 Qg3+ 44. Qxg3 fxg3+ 45. Kxg3 b5 46.
cxb5 cxb5 47. Kf4 a5 48. Ke4 a4 49. Kd3 Kd7 50. Kc3 Kc6 51. Kb4 Kb6 52. g4 Ka6
53. g5 Kb6 54. h4 Kc6 55. Ka5 Kd5 56. Kxb5 Kxd4 57. Kxa4 Kxe5 58. Kb5 Kf4 59.
a4 e5 60. a5 e4 61. a6 e3 62. a7 e2 63. a8=Q e1=Q 64. Qa4+ Qe4 65. Qa2 Qf5+ 66.
Kb4 Kg4 67. Qb2 Qf4+ 68. Kc5 Kxh4 69. Kc6 Qe4+ 70. Kd6 Kxg5 71. Qa3 Qe6+ 72.
Kc7 Qe5+ 73. Kc6 f5 74. Qc1+ f4 75. Qg1+ Kf6 76. Qf2 h5 77. Qh4+ Qg5 78. Qf2 h4
79. Qd4+ Qe5 80. Qd8+ Kf5 81. Qxh4 Qf6+ 82. Qxf6+ Kxf6 83. Kd5 f3 0-1

[Event "Landsturneringen - Kadett"]
[Site "Oslo"]
[Date "2011.07.08"]
[Round "7"]
[White "Taube, Gregor"]
[Black "Jacobsen, Fredrik Beer"]
[Result "0-1"]
[WhiteElo "1973"]
[BlackElo "1956"]
[PlyCount "163"]
[EventDate "2011.??.??"]
[EventType "swiss"]
[EventRounds "9"]

1. e4 c5 2. Nf3 Nc6 3. d4 cxd4 4. Nxd4 Nf6 5. Nc3 d6 6. Be3 Ng4 7. Bg5 h6 8.
Bc1 Qb6 9. Bb5 Bd7 10. O-O Nxf2 11. Rxf2 Qxd4 12. Qxd4 Nxd4 13. Bxd7+ Kxd7 14.
Be3 Nc6 15. Rxf7 Ne5 16. Rff1 g6 17. Bd4 Bg7 18. Rad1 b6 19. Nd5 Rhf8 20. Bc3
Bh8 21. Bd2 Ng4 22. c3 Bg7 23. Rf4 Rxf4 24. Nxf4 Ne5 25. b3 b5 26. Be1 Rc8 27.
Nd3 Ng4 28. Rc1 e6 29. h3 Nf6 30. Nf2 d5 31. Rd1 Ke7 32. exd5 Nxd5 33. Ne4 Nxc3
34. Nxc3 Bxc3 35. Bf2 a6 36. Bh4+ g5 37. Bg3 Rc6 38. Kf1 Bb4 39. Be5 Rc2 40. a4
Bc5 41. g4 Rf2+ 42. Ke1 Rf3 43. Bg7 Rxh3 44. axb5 axb5 45. Ke2 Kf7 46. Rd7+ Be7
47. Bd4 Ke8 48. Rb7 Rxb3 49. Rb8+ Kd7 50. Rb7+ Kd6 51. Bg7 Bd8 52. Bxh6 Kc6 53.
Rb8 Kc7 54. Ra8 Rg3 55. Ra7+ Kc6 56. Ra6+ Kd5 57. Ra8 Bc7 58. Bxg5 Rxg4 59. Be3
Ra4 60. Rh8 Bd6 61. Rh5+ e5 62. Rh1 Ra2+ 63. Kf3 Rc2 64. Rd1+ Ke6 65. Rb1 b4
66. Ke4 Rc4+ 67. Kd3 Rc3+ 68. Kd2 Kd5 69. Rh1 Kc4 70. Bb6 Rd3+ 71. Ke2 Rc3 72.
Kd2 Kb3 73. Rb1+ Ka2 74. Re1 Kb2 75. Ba5 Rc2+ 76. Kd3 b3 77. Rf1 Bc5 78. Re1
Bd4 79. Rh1 Rc1 80. Rh2+ Ka1 81. Bd2 b2 82. Bxc1 0-1

[Event "Landsturneringen - Kadett"]
[Site "Oslo"]
[Date "2011.07.09"]
[Round "8"]
[White "Jacobsen, Fredrik Beer"]
[Black "Christiansen, Johan-Sebastian"]
[Result "0-1"]
[WhiteElo "1956"]
[BlackElo "1920"]
[PlyCount "114"]
[EventDate "2011.??.??"]
[EventType "swiss"]
[EventRounds "9"]

1. d4 d5 2. c4 c6 3. Nf3 Nf6 4. Nc3 dxc4 5. a4 Bf5 6. e3 e6 7. Bxc4 Bb4 8. O-O
O-O 9. Bd3 Bxd3 10. Qxd3 c5 11. Rd1 Nc6 12. e4 cxd4 13. Nxd4 Nxd4 14. Qxd4 Qxd4
15. Rxd4 Bc5 16. Rc4 Rac8 17. Kf1 Ng4 18. Bf4 Bxf2 19. Rb4 Be3 20. Bg3 b6 21.
h3 Bc5 22. Rb3 Ne3+ 23. Ke2 Nc2 24. Rd1 Nd4+ 25. Rxd4 Bxd4 26. Nb5 Rc2+ 27. Kd3
Rxb2 28. Nxd4 Ra2 29. Rb4 Rd8 30. Kc4 a5 31. Rxb6 Rxa4+ 32. Kc5 Raxd4 33. Bc7
h6 34. Bxd8 Rxd8 35. Rb2 Rc8+ 36. Kd4 a4 37. Ra2 Ra8 38. Ra3 Kf8 39. Kc5 Ke7
40. Kc6 Rc8+ 41. Kb5 Rb8+ 42. Kc5 Rb2 43. Rxa4 Rxg2 44. e5 Rd2 45. Kc6 g6 46.
Re4 Rd5 47. Re3 Kf8 48. Re4 Kg7 49. Re3 h5 50. Re4 Rd3 51. h4 Rd5 52. Kc7 Rd3
53. Kc6 Rg3 54. Kd6 Rg4 55. Re3 Rxh4 56. Ke7 Rf4 57. Ke8 g5 0-1

[Event "Landsturneringen - Kadett"]
[Site "Oslo"]
[Date "2011.07.10"]
[Round "9"]
[White "Kjøita, Henning"]
[Black "Jacobsen, Fredrik Beer"]
[Result "1-0"]
[WhiteElo "1877"]
[BlackElo "1956"]
[PlyCount "87"]
[EventDate "2011.??.??"]
[EventType "swiss"]
[EventRounds "9"]

1. e4 c5 2. Nf3 Nc6 3. d4 cxd4 4. Nxd4 Nf6 5. Nc3 d6 6. Bb5 Bd7 7. O-O e6 8.
Be3 Be7 9. f4 O-O 10. Kh1 a6 11. Nxc6 Bxc6 12. Bxc6 bxc6 13. Qf3 d5 14. Rad1
Rb8 15. f5 Rxb2 16. e5 Nd7 17. f6 Nxf6 18. exf6 Bxf6 19. Bc5 Re8 20. Qd3 Qa5
21. Rxf6 Qxc5 22. Rf3 Rb7 23. Rdf1 Rbe7 24. Qxa6 d4 25. Ne4 Qxc2 26. Nd6 Rf8
27. Nxf7 Rb8 28. Ne5 Rc7 29. Qa5 Rcb7 30. Qa3 c5 31. Nc6 Re8 32. Qa6 Rd7 33.
Ne5 Rde7 34. Qd6 h6 35. Nc6 Rb7 36. Rf8+ Rxf8 37. Qxf8+ Kh7 38. Ne7 Rxe7 39.
Qxe7 Qe2 40. Rg1 c4 41. Qc5 Qd3 42. a4 Qc3 43. a5 d3 44. a6 1-0